000 00236nam a22000857a 4500
008 160629b xxu||||| |||| 00| 0 eng d
100 _91307
_a Chandra, B., et al
245 _aFreedom Struggle
260 _aNew Delhi
_bNational Book Trust
_c1972
999 _c1070
_d1070